Państwa wykonane z pierwiastków #2 - Statystyki

Ogólne statystyki
  • Ten quiz został rozwiązany 273 razy
  • Średni wynik to 7 z 11
Statystyki odpowiedzi
Pierwiastki Kraj % Poprawnych
fosfor + erb + uran Peru
86%
jod + rad + azot Iran
82%
bohr + uran + tantal + azot Bhutan
67%
neon + fosfor + glin Nepal
64%
lantan + tlen + siarka Laos
63%
bizmut + glin + tlen + ruten + siarka Białoruś
62%
Brom + uran + neon + jod Brunei
62%
protaktyn + potas + jod + siarka + tantal + azot Pakistan
60%
potas + iryd + jod + bar + tytan Kiribati
57%
potas + jod + roentgen + jod + siarka + tantal + azot Kirgistan
45%
einstein + wolfram + arsen + jod + nikiel Eswatini
32%
Nie znaleziono quizów pasujących do podanych kryteriów
Rozkład punktacji
Procent ludzi z każdym wynikiem
Percentyl według liczby udzielonych odpowiedzi
Twoja historia wyników
Nie rozwiązałeś tego quizu